Arab Countries - Sudden Death - Statistics

General Stats
  • This quiz has been taken 1,721 times
  • The average score is 7 of 16
Answers on the Grid
Answers color-coded by a green-red scale on the quiz's grid according to % correct below.
Oman
Saudi Arabia
Turkey
Libya
Iran
Pakistan
Iraq
Morocco
Chad
Jordan
Mali
Yemen
Azerbaijan
Malaysia
Mauritania
Sudan
Syria
Afghanistan
Qatar
Eritrea
Bahrain
Ethiopia
Comoros
Mauritius
Tunisia
Turkmenistan
Uzbekistan
Djibouti
Maldives
Kuwait
Bangladesh
Nigeria
 
Answer Stats
Answer % Correct
Oman
88%
Saudi Arabia
84%
Iraq
50%
Libya
48%
Jordan
42%
Morocco
42%
Qatar
42%
Yemen
42%
Syria
41%
Kuwait
39%
Bahrain
35%
Tunisia
32%
Sudan
27%
Mauritania
18%
Djibouti
16%
Comoros
14%
No matching quizzes found
Score Distribution
Percent of People with Each Score
Percentile by Number Answered
Your Score History
You have not taken this quiz